Chỉ nam sinh viên: 1966
Αποθηκεύτηκε σε:
| Κύριος συγγραφέας: | |
|---|---|
| Μορφή: | Βιβλίο |
| Γλώσσα: | Undetermined |
| Έκδοση: |
Sài Gòn
Viện Đại học Sài Gòn
1966
|
| Θέματα: | |
| Ετικέτες: |
Προσθήκη ετικέτας
Δεν υπάρχουν, Καταχωρήστε ετικέτα πρώτοι!
|
| Thư viện lưu trữ: | Trung tâm Học liệu Trường Đại học Cần Thơ |
|---|
| LEADER | 00568nam a2200181Ia 4500 | ||
|---|---|---|---|
| 001 | CTU_6210 | ||
| 008 | 210402s9999 xx 000 0 und d | ||
| 082 | |a 378.1 | ||
| 082 | |b Ch300/1966 | ||
| 100 | |a Viện Đại học Sài Gòn | ||
| 245 | 0 | |a Chỉ nam sinh viên: 1966 | |
| 245 | 0 | |c Viện Đại học Sài Gòn | |
| 260 | |a Sài Gòn | ||
| 260 | |b Viện Đại học Sài Gòn | ||
| 260 | |c 1966 | ||
| 650 | |a universities and colleges | ||
| 904 | |i Nguyễn Quang Điền, 960814 | ||
| 980 | |a Trung tâm Học liệu Trường Đại học Cần Thơ | ||